| 000 | 00406 a2200133 4500 | ||
|---|---|---|---|
| 082 | _a954.7509 | ||
| 090 |
_c6515 _d6515 |
||
| 100 | _aGovernment of Pakistan | ||
| 245 |
_aYear Book 2001-2002. _bScientific & Technological Research Division. _cGovernment of Pakistan |
||
| 260 |
_aIslamabad. _bGovernment of Pakistan. _c2001-2002 |
||
| 300 | _a117p. | ||
| 500 | _aHard cover | ||
| 942 |
_aNBS _cBK _k954.7509 GOV |
||
| 999 |
_c348874 _d348874 |
||